000 00214 a2200097 4500
001 45884
100 _aHezlet A
245 _aAircraft and sea power
260 _aNew York
_bSkin and day
_c
090 _c28986
_d28986
942 _aNUST-CAE
_cM
_c21097
999 _c280957
_d280957